000
00379 a2200133 4500
245
_a
Santé et médecines naturelles : la santé par les plantes, remèdes du monde entier, médicaments ignorés
100
_a
Julian, O. A.
700
_a
Sanamés, R.
700
_a
Haffen, M.
260
_c
1976
300
_a
550 p.
999
_c
17585
_d
17585